[Event "Bad Woerishofen op"]
[Site "?"]
[Date "2000.??.??"]
[Round "5"]
[White "Gestrich, Wolfgang"]
[Black "Erler, Klaus-Juergen"]
[Result "1/2-1/2"]
[WhiteElo "1543"]
[BlackElo "1750"]
[Annotator "ChessOrg"]
[PlyCount "55"]
[EventDate "2000.??.??"]
[Source "ChessBase"]
[SourceDate "1998.04.29"]

1. c4 d6 2. Nc3 e5 3. g3 c6 4. Bg2 Be7 5. e3 Be6 6. d3 f5 7. Nge2 Nf6 8. b3 O-O
9. f4 Kh8 10. fxe5 dxe5 11. O-O Ne8 12. Bb2 Bf6 13. e4 g6 14. exf5 Bxf5 15. Ne4
Bg7 16. h3 h5 17. N2c3 Nd6 18. Qe2 Na6 19. Ba3 Nxe4 20. Nxe4 Qd4+ 21. Kh2 Rfd8
22. Rad1 Rab8 23. g4 hxg4 24. hxg4 Be6 25. Rh1 Qd7 26. Kg3+ Kg8 27. Bf3 Qf7 28.
Bc1 1/2-1/2

[Event "Bad Woerishofen op"]
[Site "?"]
[Date "2000.??.??"]
[Round "7"]
[White "Gestrich, Wolfgang"]
[Black "Bierbach, Utz"]
[Result "0-1"]
[WhiteElo "1543"]
[BlackElo "1756"]
[Annotator "ChessOrg"]
[PlyCount "86"]
[EventDate "2000.??.??"]
[Source "ChessBase"]
[SourceDate "1998.04.29"]

1. c4 Nf6 2. Nc3 g6 3. g3 Bg7 4. Bg2 d6 5. e4 Nc6 6. Nge2 e5 7. O-O Be6 8. d3
Qc8 9. f3 h5 10. Bg5 Nh7 11. Be3 Bh3 12. Qd2 Bxg2 13. Kxg2 Qd7 14. a3 Nf8 15.
h4 Ne6 16. Ng1 Ncd4 17. Qd1 O-O 18. Bxd4 Nxd4 19. Nge2 Ne6 20. Qd2 Kh7 21. g4
hxg4 22. fxg4 Nf4+ 23. Rxf4 exf4 24. Qxf4 Be5 25. Qf3 Bxc3 26. Nxc3 c6 27. g5
Rh8 28. Rf1 Kg8 29. Kg3 Re8 30. Nd1 Re5 31. Ne3 Rxg5+ 32. Kf4 Rgh5 33. Ng2 d5
34. Ke3 dxc4 35. dxc4 Qe7 36. Qg4 Re5 37. Rf4 Kg7 38. b3 f5 39. Qf3 Qxa3 40.
Rxf5 Rxf5 41. exf5 Qxb3+ 42. Kf4 Qxf3+ 43. Kxf3 gxf5 0-1

[Event "Bad Woerishofen op"]
[Site "Bad Woerishofen"]
[Date "2000.??.??"]
[Round "9"]
[White "Gestrich, Wolfgang"]
[Black "Miessner, Rolf"]
[Result "0-1"]
[WhiteElo "1543"]
[BlackElo "1750"]
[Annotator "ChessOrg"]
[PlyCount "132"]
[EventDate "1998.03.05"]
[Source "ChessBase"]
[SourceDate "1998.04.29"]

1. c4 Nf6 2. Nc3 c6 3. g3 d5 4. cxd5 cxd5 5. d4 Bd7 6. Bg2 e6 7. a3 Be7 8. b4
a6 9. Rb1 b5 10. Nf3 O-O 11. Ne5 Ra7 12. O-O Rc7 13. Bb2 Bc6 14. Rc1 Nfd7 15.
Nxc6 Rxc6 16. f4 Nb6 17. Qd3 N8d7 18. Rc2 Nc4 19. e4 Nxb2 20. Rxb2 Qc7 21. Rc2
Rc8 22. exd5 Rxc3 23. Rxc3 Qxc3 24. Qe4 Nf6 25. Qe2 Qxd4+ 26. Kh1 Nxd5 27. Rd1
Qe3 28. Qg4 Nc3 29. Rf1 f5 30. Qf3 Qxf3 31. Bxf3 Rd8 32. Rc1 Bf6 33. g4 g6 34.
Re1 Kf7 35. Re3 Nd5 36. Rd3 Nxf4 37. Rxd8 Bxd8 38. gxf5 exf5 39. Bb7 a5 40. Bc6
axb4 41. axb4 Be7 42. Bxb5 Bxb4 43. Bc4+ Kf6 44. Bf1 Bc5 45. h3 h5 46. Kh2 h4
47. Bb5 Ke5 48. Ba4 Ke4 49. Bc6+ Ke3 50. Be8 Bd6 51. Bc6 g5 52. Bd7 Ne2+ 53.
Kh1 f4 54. Bg4 Bb4 55. Kg2 Nc3 56. Bf3 Nb5 57. Bh5 Nd4 58. Kf1 f3 59. Bg4 Nc6
60. Bc8 Ne5 61. Bf5 Kf4 62. Be6 Bc5 63. Bc8 g4 64. hxg4 Nxg4 65. Ba6 h3 66. Bb7
h2 0-1

[Event "Bad Woerishofen op"]
[Site "?"]
[Date "2000.??.??"]
[Round "1"]
[White "Girod, Gudrun"]
[Black "Homes, Helmut"]
[Result "0-1"]
[WhiteElo "1500"]
[BlackElo "1839"]
[Annotator "ChessOrg"]
[PlyCount "104"]
[EventDate "2000.??.??"]
[Source "ChessBase"]
[SourceDate "1998.04.29"]

1. d4 d5 2. Nf3 Nf6 3. h3 e6 4. Bf4 c5 5. e3 Nc6 6. c3 c4 7. Nbd2 Be7 8. Be2
O-O 9. O-O b5 10. Ne5 Nxe5 11. Bxe5 Nd7 12. Bh2 Bb7 13. Bf3 Nf6 14. Be2 a5 15.
f3 b4 16. e4 dxe4 17. Nxc4 bxc3 18. bxc3 Rc8 19. Rb1 Ba6 20. Nb6 Bxe2 21. Qxe2
Rxc3 22. Be5 exf3 23. Rxf3 Rxf3 24. Qxf3 Nd7 25. Nxd7 Qxd7 26. Rb7 Qd8 27. Rb8
Qd5 28. Rxf8+ Bxf8 29. Qb3 f6 30. Qxd5 exd5 31. Bc7 Bb4 32. Kf2 Bc3 33. Ke3 a4
34. Bb6 Kf7 35. Ke2 Ke6 36. Kf3 h5 37. Ke3 g5 38. Kd3 Bb4 39. Bd8 Be7 40. Bc7
f5 41. Ke2 Bd6 42. Bd8 g4 43. Bh4 f4 44. hxg4 hxg4 45. Kd3 Kf5 46. Be1 f3 47.
gxf3 gxf3 48. Ke3 Kg4 49. Kd3 Bf4 50. Kc2 Kh3 51. Kd3 Kg2 52. Bh4 Bg3 0-1

[Event "Bad Woerishofen op"]
[Site "?"]
[Date "2000.??.??"]
[Round "3"]
[White "Girod, Gudrun"]
[Black "Miessner, Rolf"]
[Result "0-1"]
[WhiteElo "1500"]
[BlackElo "1750"]
[Annotator "ChessOrg"]
[PlyCount "86"]
[EventDate "2000.??.??"]
[Source "ChessBase"]
[SourceDate "1998.04.29"]

1. d4 Nf6 2. Nf3 d5 3. h3 e6 4. Bf4 b6 5. e3 Be7 6. Be2 O-O 7. O-O c5 8. c3
Nbd7 9. Nbd2 Bb7 10. Bb5 a6 11. Bxd7 Nxd7 12. Re1 Rc8 13. Qa4 b5 14. Qd1 cxd4
15. exd4 Nb6 16. Rb1 Nc4 17. Nxc4 dxc4 18. Qe2 Bf6 19. Rbd1 Bd5 20. Be5 Bxe5
21. dxe5 Qb6 22. Nd4 Qb7 23. f3 Rc7 24. f4 Rd7 25. Qg4 Qb6 26. Kh2 f5 27. Qg3
g6 28. Re3 Qd8 29. Rde1 Rg7 30. Qf2 g5 31. g3 gxf4 32. Qxf4 Qg5 33. Rg1 Kh8 34.
Qxg5 Rxg5 35. Nf3 Bxf3 36. Rxf3 Rd8 37. Rf4 Rg7 38. g4 fxg4 39. Rfxg4 Rxg4 40.
hxg4 Kg7 41. Kh3 Kg6 42. Rg3 Kg5 43. Rg2 Rd3+ 0-1

[Event "Bad Woerishofen op"]
[Site "?"]
[Date "2000.??.??"]
[Round "5"]
[White "Girod, Gudrun"]
[Black "Wendel, Walter"]
[Result "0-1"]
[WhiteElo "1500"]
[BlackElo "1600"]
[Annotator "ChessOrg"]
[PlyCount "60"]
[EventDate "2000.??.??"]
[Source "ChessBase"]
[SourceDate "1998.04.29"]

1. d4 g6 2. Nf3 Bg7 3. Bf4 d6 4. h3 Nf6 5. e3 O-O 6. Be2 Nbd7 7. Nbd2 c5 8. c3
Re8 9. O-O a6 10. Qc2 b5 11. e4 Bb7 12. d5 Nh5 13. Bh2 Rc8 14. Rad1 Ne5 15.
Nxe5 dxe5 16. Bxh5 gxh5 17. f4 Qd6 18. f5 Kh8 19. Nf3 Rg8 20. Ng5 Rcf8 21. Qe2
Qh6 22. Nf3 f6 23. Bg3 h4 24. Nxh4 Rd8 25. Bf2 c4 26. Nf3 Qh5 27. Bb6 Rd7 28.
Qc2 Bh6 29. Nh2 Qxh3 30. Rf3 Qh5 0-1

[Event "Bad Woerishofen op"]
[Site "?"]
[Date "2000.??.??"]
[Round "7"]
[White "Girod, Gudrun"]
[Black "Hoeppner, Hans"]
[Result "0-1"]
[WhiteElo "1500"]
[BlackElo "1694"]
[Annotator "ChessOrg"]
[PlyCount "75"]
[EventDate "2000.??.??"]
[Source "ChessBase"]
[SourceDate "1998.04.29"]

1. e4 e6 2. Nf3 Ne7 3. d4 Ng6 4. Bd3 Nh4 5. O-O d6 6. c3 Nd7 7. Be3 c6 8. Nxh4
Qxh4 9. c4 e5 10. d5 Qd8 11. Nc3 Be7 12. h3 O-O 13. b3 c5 14. Ne2 Re8 15. Ng3
Nf8 16. Ne2 a6 17. Ng3 Bd7 18. Ne2 b5 19. Ng3 b4 20. Be2 a5 21. Bg4 Bf6 22.
Bxd7 Nxd7 23. Nf5 Nf8 24. Qg4 Ra7 25. Nxg7 Bxg7 26. Bh6 Qf6 27. Bxg7 Qxg7 28.
Qh5 Ng6 29. Qe2 Kh8 30. Qg4 Nf4 31. Qxg7+ Kxg7 32. Kh2 Rg8 33. Rg1 Kf6 34. g4
Raa8 35. Rg3 Rg6 36. h4 Rag8 37. Re1 Ke7 38. g5 0-1

[Event "Bad Woerishofen op"]
[Site "Bad Woerishofen"]
[Date "2000.??.??"]
[Round "9"]
[White "Girod, Gudrun"]
[Black "Ludekus, Bernhard"]
[Result "1-0"]
[WhiteElo "1500"]
[BlackElo "1600"]
[Annotator "ChessOrg"]
[PlyCount "81"]
[EventDate "1998.03.05"]
[Source "ChessBase"]
[SourceDate "1998.04.29"]

1. d4 Nf6 2. Nf3 g6 3. e3 Bg7 4. Bd3 O-O 5. O-O d5 6. h3 Nbd7 7. Nc3 a6 8. e4
dxe4 9. Nxe4 Nb6 10. c3 Bf5 11. Nxf6+ Bxf6 12. Bxf5 e6 13. Be4 c6 14. Be3 Nc4
15. Bc1 Qc7 16. b3 Nd6 17. Bf4 Rad8 18. Bxd6 Rxd6 19. Qe2 c5 20. Qc4 b5 21.
Qxc5 Qxc5 22. dxc5 Rdd8 23. Rad1 Bxc3 24. c6 Rc8 25. Rd7 f5 26. Bb1 Rxc6 27.
Rfd1 Ba5 28. Ng5 Rfc8 29. Kh2 Bc7+ 30. g3 f4 31. Ne4 e5 32. gxf4 exf4 33. f3
Bb6 34. h4 Rc1 35. Nf6+ Kf8 36. Nxh7+ Kg8 37. Bxg6 Rxd1 38. Rxd1 Kg7 39. h5 Bf2
40. Ng5 Rc7 41. Ne6+ 1-0

[Event "Bad Woerishofen op"]
[Site "?"]
[Date "2000.??.??"]
[Round "1"]
[White "Gruenke, Guenter"]
[Black "Fischer, Ernst"]
[Result "0-1"]
[WhiteElo "1786"]
[BlackElo "2198"]
[Annotator "ChessOrg"]
[PlyCount "86"]
[EventDate "2000.??.??"]
[Source "ChessBase"]
[SourceDate "1998.04.29"]

1. e4 d5 2. exd5 Nf6 3. Bb5+ Bd7 4. Bc4 b5 5. Bb3 a5 6. a4 bxa4 7. Bc4 c6 8.
Nc3 Bg4 9. f3 Bf5 10. Nge2 cxd5 11. Bb5+ Bd7 12. Bxa4 e6 13. d4 Bb4 14. O-O O-O
15. Kh1 Bxa4 16. Nxa4 Nbd7 17. c3 Bd6 18. Be3 Qc7 19. Bf2 Nh5 20. Qe1 Rfb8 21.
g3 Qc4 22. Nc1 Qc7 23. Kg2 Nb6 24. Nc5 Nf6 25. N1d3 Nfd7 26. b4 Nc4 27. Nxe6
fxe6 28. Qxe6+ Kh8 29. Qxd5 Nf6 30. Qg5 h6 31. Qc1 Nd5 32. Nc5 axb4 33. Rxa8
Rxa8 34. cxb4 Ra2 35. Re1 Qf7 36. Kg1 Nd2 37. Re2 Nxf3+ 38. Kf1 Nxh2+ 39. Ke1
Rxe2+ 40. Kxe2 Qf3+ 41. Ke1 Qh1+ 42. Kd2 Nf3+ 43. Kc2 Nxb4+ 0-1

[Event "Bad Woerishofen op"]
[Site "?"]
[Date "2000.??.??"]
[Round "3"]
[White "Gruenke, Guenter"]
[Black "Scheib, Ernst"]
[Result "1-0"]
[WhiteElo "1786"]
[BlackElo "1500"]
[Annotator "ChessOrg"]
[PlyCount "71"]
[EventDate "2000.??.??"]
[Source "ChessBase"]
[SourceDate "1998.04.29"]

1. e4 c5 2. Nf3 e6 3. c3 Nc6 4. d4 cxd4 5. cxd4 a6 6. Nc3 Bb4 7. Be2 d6 8. O-O
h6 9. d5 Bxc3 10. bxc3 exd5 11. exd5 Ne5 12. Re1 f6 13. Nd4 Ne7 14. f4 Nf7 15.
Ne6 Qb6+ 16. Kh1 Bxe6 17. dxe6 Nd8 18. Be3 Qc7 19. Qb3 O-O 20. Bb6 Qc8 21. f5
Kh8 22. Bd3 Ndc6 23. Rad1 Re8 24. Bb1 d5 25. c4 dxc4 26. Qxc4 Ne5 27. Qa4 Qc6
28. Qd4 Qb5 29. Be4 N5c6 30. Qe3 Qe5 31. Rd7 Qb8 32. Red1 Rc8 33. Bc5 Re8 34.
Rb1 b5 35. Bxe7 Rxe7 36. Bxc6 1-0

[Event "Bad Woerishofen op"]
[Site "?"]
[Date "2000.??.??"]
[Round "5"]
[White "Gruenke, Guenter"]
[Black "Weber, Siegfried"]
[Result "1/2-1/2"]
[WhiteElo "1786"]
[BlackElo "1651"]
[Annotator "ChessOrg"]
[PlyCount "53"]
[EventDate "2000.??.??"]
[Source "ChessBase"]
[SourceDate "1998.04.29"]

1. e4 c5 2. Nf3 d6 3. c3 Nf6 4. Be2 Nc6 5. d3 g6 6. O-O Bg7 7. Nbd2 e5 8. Nc4
Be6 9. Ne3 O-O 10. Nc2 d5 11. exd5 Bxd5 12. Be3 b6 13. h3 Qc7 14. Qc1 Rac8 15.
Bh6 Nh5 16. Bxg7 Nxg7 17. Ne3 Be6 18. Ng5 Qe7 19. Nxe6 Nxe6 20. Nd5 Qd8 21. Ne3
Nf4 22. Qc2 Qg5 23. Kh2 Nd4 24. cxd4 cxd4 25. Qd1 dxe3 26. g3 Nxe2 27. Qxe2
1/2-1/2

[Event "Bad Woerishofen op"]
[Site "?"]
[Date "2000.??.??"]
[Round "7"]
[White "Gruenke, Guenter"]
[Black "Jeske, Guenter"]
[Result "1/2-1/2"]
[WhiteElo "1786"]
[BlackElo "1614"]
[Annotator "ChessOrg"]
[PlyCount "27"]
[EventDate "2000.??.??"]
[Source "ChessBase"]
[SourceDate "1998.04.29"]

1. e4 c5 2. Nf3 Nc6 3. d4 cxd4 4. Nxd4 e6 5. Be2 Be7 6. O-O d6 7. Nc3 Nf6 8. a3
O-O 9. Be3 a6 10. Qd2 Bd7 11. f4 Qc7 12. Bf3 Rac8 13. Rac1 Na5 14. Be2 1/2-1/2

[Event "Bad Woerishofen op"]
[Site "Bad Woerishofen"]
[Date "2000.??.??"]
[Round "9"]
[White "Gruenke, Guenter"]
[Black "Nygaard, Kaare"]
[Result "1/2-1/2"]
[WhiteElo "1786"]
[BlackElo "1238"]
[Annotator "ChessOrg"]
[PlyCount "33"]
[EventDate "1998.03.05"]
[Source "ChessBase"]
[SourceDate "1998.04.29"]

1. e4 c5 2. Nf3 d6 3. d4 cxd4 4. Nxd4 Nf6 5. Nc3 a6 6. Bc4 e6 7. O-O Be7 8. Qe2
O-O 9. Bb3 b5 10. a3 Bb7 11. f3 Nc6 12. Be3 Rc8 13. Rac1 Na5 14. Rfd1 Nc4 15.
Bxc4 Rxc4 16. e5 Nd5 17. Nxd5 1/2-1/2

[Event "Bad Woerishofen op"]
[Site "?"]
[Date "2000.??.??"]
[Round "1"]
[White "Hahner, Anton"]
[Black "Delander, Adolf"]
[Result "1/2-1/2"]
[WhiteElo "1800"]
[BlackElo "2327"]
[Annotator "ChessOrg"]
[PlyCount "65"]
[EventDate "2000.??.??"]
[Source "ChessBase"]
[SourceDate "1998.04.29"]

1. d4 d5 2. Nf3 Nf6 3. Bf4 e6 4. e3 c5 5. c3 Nc6 6. Bd3 Bd6 7. Bxd6 Qxd6 8. O-O
O-O 9. Nbd2 e5 10. dxe5 Nxe5 11. Nxe5 Qxe5 12. Nf3 Qc7 13. h3 b6 14. Rc1 Bb7
15. Re1 Rad8 16. Qc2 g6 17. Nd2 a6 18. Be2 b5 19. Bf3 c4 20. Be2 Qe7 21. Nf3
Ne4 22. Nd4 Qh4 23. Bf3 Nc5 24. Be2 Rfe8 25. Rcd1 Rd6 26. Nf3 Qe7 27. Nd4 Qe4
28. Rd2 Red8 29. Red1 Qe8 30. Bf3 Nd3 31. Be2 Nc5 32. Bf3 Nd3 33. Be2 1/2-1/2

[Event "Bad Woerishofen op"]
[Site "?"]
[Date "2000.??.??"]
[Round "4"]
[White "Hahner, Anton"]
[Black "Winkler, Hans"]
[Result "1/2-1/2"]
[WhiteElo "1800"]
[BlackElo "1600"]
[Annotator "ChessOrg"]
[PlyCount "99"]
[EventDate "2000.??.??"]
[Source "ChessBase"]
[SourceDate "1998.04.29"]

1. d4 Nf6 2. Nf3 e6 3. Bg5 d5 4. e3 c5 5. c3 Be7 6. Bd3 c4 7. Bc2 O-O 8. Nbd2
h6 9. Bh4 Nfd7 10. Bxe7 Qxe7 11. O-O a6 12. e4 Nc6 13. Re1 Qd8 14. Qe2 b5 15.
Nf1 Rb8 16. a3 Bb7 17. e5 Re8 18. Rad1 a5 19. b4 cxb3 20. Bxb3 a4 21. Bc2 Ba6
22. Qd3 Nf8 23. Qd2 Na5 24. Ne3 Qe7 25. Ra1 Rec8 26. Rec1 Rb6 27. h3 Rbc6 28.
Kh2 Kh8 29. Bd1 Qc7 30. Ra2 Kg8 31. Ne1 Nb3 32. Bxb3 axb3 33. Rb2 Rxc3 34. Rcb1
Rc1 35. Rxb3 Rxb1 36. Rxb1 Qc3 37. Qxc3 Rxc3 38. N1c2 Nd7 39. Nb4 Rxa3 40. Nxa6
Rxa6 41. Rxb5 Ra4 42. Rb7 Nf8 43. Nc2 Rc4 44. Rb2 g5 45. Kg1 Ng6 46. Kf1 Ne7
47. Ke2 Kg7 48. Kd3 Ng6 49. g3 Ne7 50. Rb4 1/2-1/2

[Event "Bad Woerishofen op"]
[Site "?"]
[Date "2000.??.??"]
[Round "6"]
[White "Hahner, Anton"]
[Black "Buesdorf, Konrad"]
[Result "0-1"]
[WhiteElo "1800"]
[BlackElo "1952"]
[Annotator "ChessOrg"]
[PlyCount "90"]
[EventDate "2000.??.??"]
[Source "ChessBase"]
[SourceDate "1998.04.29"]

1. d4 d5 2. Nf3 Nf6 3. Bf4 Nbd7 4. h3 c6 5. Nbd2 e6 6. e3 Be7 7. Bd3 O-O 8. O-O
c5 9. c3 c4 10. Bb1 b5 11. Ne5 Nxe5 12. Bxe5 Nd7 13. Qc2 f5 14. Nf3 a5 15. a3
Nf6 16. Qe2 Bd7 17. Bc2 b4 18. Rfb1 Bc6 19. Qe1 Qb6 20. Nd2 Rfc8 21. Bd1 Nd7
22. Nf3 Nf8 23. Be2 Ba4 24. Bd1 Bb3 25. Nd2 bxc3 26. bxc3 a4 27. Rb2 Ng6 28.
Bh2 Qd8 29. Bg3 Qf8 30. Nb1 Rc6 31. Qd2 Qf6 32. Bf3 Rf8 33. Qc1 Qg5 34. Be2 f4
35. exf4 Nxf4 36. Bxf4 Rxf4 37. g3 Bd6 38. Qe3 Qg6 39. Nd2 Rc8 40. Bg4 Rf6 41.
Nf3 h5 42. Nh4 Qf7 43. Be2 Rh6 44. Nf3 Qe7 45. Ne5 Bxa3 0-1

[Event "Bad Woerishofen op"]
[Site "?"]
[Date "2000.??.??"]
[Round "8"]
[White "Hahner, Anton"]
[Black "Storkebaum, Karl-Heinz"]
[Result "1/2-1/2"]
[WhiteElo "1800"]
[BlackElo "1830"]
[Annotator "ChessOrg"]
[PlyCount "69"]
[EventDate "2000.??.??"]
[Source "ChessBase"]
[SourceDate "1998.04.29"]

1. d4 Nf6 2. Nf3 e6 3. c4 d5 4. Nc3 b6 5. cxd5 exd5 6. e3 a6 7. Bd3 Bb7 8. O-O
Bd6 9. Qc2 O-O 10. e4 dxe4 11. Nxe4 Nxe4 12. Bxe4 Bxe4 13. Qxe4 Nd7 14. Be3 Nf6
15. Qh4 h6 16. Rac1 Nd5 17. Qxd8 Raxd8 18. Bd2 Rfe8 19. Rfe1 f6 20. Kf1 Kf7 21.
Rxe8 Rxe8 22. Re1 Re6 23. a3 Bf4 24. Re2 Rc6 25. g3 Bxd2 26. Rxd2 Rc1+ 27. Ke2
g5 28. h4 Ke6 29. Kd3 Kf5 30. hxg5 hxg5 31. Re2 b5 32. Nd2 Nb6 33. Nb3 Rc6 34.
Nc5 Nc4 35. f3 1/2-1/2

[Event "Bad Woerishofen op"]
[Site "?"]
[Date "2000.??.??"]
[Round "1"]
[White "Harke, Horst"]
[Black "Wicklund-Hansen, Richard"]
[Result "1/2-1/2"]
[WhiteElo "1726"]
[BlackElo "1860"]
[Annotator "ChessOrg"]
[PlyCount "37"]
[EventDate "2000.??.??"]
[Source "ChessBase"]
[SourceDate "1998.04.29"]

1. d4 Nf6 2. c4 g6 3. Nc3 Bg7 4. e4 d6 5. Nf3 O-O 6. Be2 Nbd7 7. O-O e5 8. Bg5
exd4 9. Nxd4 Re8 10. f3 c6 11. Qd2 Qb6 12. Be3 Qc7 13. Rac1 Nf8 14. Rfd1 Rd8
15. b4 Ne6 16. Nxe6 Bxe6 17. Kh1 Qd7 18. Bg5 Re8 19. Qxd6 1/2-1/2

[Event "Bad Woerishofen op"]
[Site "?"]
[Date "2000.??.??"]
[Round "3"]
[White "Harke, Horst"]
[Black "Braeu, Emmi"]
[Result "0-1"]
[WhiteElo "1726"]
[BlackElo "1488"]
[Annotator "ChessOrg"]
[PlyCount "94"]
[EventDate "2000.??.??"]
[Source "ChessBase"]
[SourceDate "1998.04.29"]

1. d4 d5 2. c4 e6 3. Nc3 Nf6 4. Nf3 Be7 5. e3 O-O 6. Bd3 dxc4 7. Bxc4 b6 8. O-O
Bb7 9. Qe2 c5 10. Rd1 Qc8 11. dxc5 Bxc5 12. Na4 Be7 13. b3 Rd8 14. Bb2 Nbd7 15.
Rac1 Qb8 16. Nd4 Ne5 17. Nf3 Nxf3+ 18. gxf3 Ne8 19. Rxd8 Qxd8 20. Be5 Qc8 21.
Rd1 Qc6 22. e4 a6 23. Nb2 b5 24. Bd3 Rc8 25. a4 bxa4 26. Nxa4 Bd6 27. Bxd6 Nxd6
28. Qe3 Nb5 29. Bc4 Nd6 30. Bf1 Ne8 31. Rd4 e5 32. Rd5 Qg6+ 33. Kh1 Bxd5 34.
exd5 Qb1 35. Qd3 Qxd3 36. Bxd3 Rb8 37. Nc5 a5 38. Bc4 Nd6 39. Nd7 Re8 40. Bd3
f6 41. Kg2 Rc8 42. Nb6 Rc3 43. Ba6 Rxb3 44. Nc4 Nxc4 45. Bxc4 Rb4 46. Ba2 Kf8
47. Kg3 Ke7 0-1

[Event "Bad Woerishofen op"]
[Site "?"]
[Date "2000.??.??"]
[Round "5"]
[White "Harke, Horst"]
[Black "Niebaum, Karl"]
[Result "1/2-1/2"]
[WhiteElo "1726"]
[BlackElo "1787"]
[Annotator "ChessOrg"]
[PlyCount "53"]
[EventDate "2000.??.??"]
[Source "ChessBase"]
[SourceDate "1998.04.29"]

1. d4 d5 2. c4 c6 3. cxd5 cxd5 4. Nc3 e6 5. Nf3 Nf6 6. e3 Be7 7. Bd3 Nc6 8. O-O
O-O 9. Bd2 a6 10. Rc1 Bd6 11. Bb1 e5 12. dxe5 Nxe5 13. Nxe5 Bxe5 14. f3 d4 15.
Ne4 dxe3 16. Nxf6+ Qxf6 17. Bxe3 Bxb2 18. Rc4 g6 19. Be4 Be6 20. Rb4 Rad8 21.
Qb1 Bd4 22. Bxd4 Rxd4 23. Rxb7 Ra4 24. Rb2 Qd4+ 25. Kh1 Rd8 26. Bc2 Rc4 27. Rd1
1/2-1/2

[Event "Bad Woerishofen op"]
[Site "?"]
[Date "2000.??.??"]
[Round "7"]
[White "Harke, Horst"]
[Black "Schratzenstaller, Andreas"]
[Result "1-0"]
[WhiteElo "1726"]
[BlackElo "1828"]
[Annotator "ChessOrg"]
[PlyCount "65"]
[EventDate "2000.??.??"]
[Source "ChessBase"]
[SourceDate "1998.04.29"]

1. d4 Nf6 2. c4 e5 3. dxe5 Ne4 4. Nc3 Nxc3 5. bxc3 Nc6 6. Nf3 d6 7. g3 Be6 8.
Qa4 Bd7 9. exd6 Bxd6 10. Qc2 O-O 11. Be3 Na5 12. c5 Be7 13. Rd1 Qc8 14. Bd4 b5
15. Ne5 Be6 16. Bg2 c6 17. O-O f6 18. Nd3 Bf5 19. e4 Bg6 20. Nb4 Nc4 21. Qe2 a5
22. Nd3 Qc7 23. Nf4 Bf7 24. Bh3 Ne5 25. Be6 Ng6 26. Bxf7+ Rxf7 27. Nxg6 hxg6
28. Qg4 g5 29. Qe6 Kf8 30. f4 Re8 31. fxg5 Bxc5 32. Bxc5+ Ree7 33. g6 1-0

[Event "Bad Woerishofen op"]
[Site "Bad Woerishofen"]
[Date "2000.??.??"]
[Round "9"]
[White "Harke, Horst"]
[Black "Morger, Karl-Heinz"]
[Result "1/2-1/2"]
[WhiteElo "1726"]
[BlackElo "1815"]
[Annotator "ChessOrg"]
[PlyCount "29"]
[EventDate "1998.03.05"]
[Source "ChessBase"]
[SourceDate "1998.04.29"]

1. d4 d5 2. c4 e6 3. Nc3 Nf6 4. Nf3 a6 5. e3 dxc4 6. Bxc4 b5 7. Bd3 Bb7 8. O-O
c5 9. dxc5 Bxc5 10. Qc2 Qe7 11. Ne4 Nxe4 12. Bxe4 Nc6 13. Bd2 Rc8 14. Rac1 Bd6
15. Qb1 1/2-1/2

[Event "Bad Woerishofen op"]
[Site "?"]
[Date "2000.??.??"]
[Round "2"]
[White "Hausner, Alfreda"]
[Black "Schoeffler, Hera"]
[Result "1-0"]
[WhiteElo "1670"]
[BlackElo "1390"]
[Annotator "ChessOrg"]
[PlyCount "72"]
[EventDate "2000.??.??"]
[Source "ChessBase"]
[SourceDate "1998.04.29"]

1. d4 d5 2. Nf3 h6 3. Bf4 Nc6 4. e3 a6 5. c4 Bf5 6. a3 e6 7. Nc3 Nf6 8. cxd5
Nxd5 9. Nxd5 exd5 10. Be2 Bd6 11. Bxd6 Qxd6 12. O-O O-O 13. Rc1 Be4 14. Nd2
Rfe8 15. Bf3 Bxf3 16. Nxf3 Rac8 17. b4 Re6 18. g3 b5 19. Rc2 Ne7 20. Rc5 c6 21.
Qc2 Rf6 22. Ne5 Qe6 23. Kg2 Nf5 24. Qe2 Ne7 25. Rfc1 Qf5 26. Qf3 Qxf3+ 27. Nxf3
Re6 28. Nd2 g5 29. h3 f5 30. Nf3 Ng6 31. Rxd5 Kg7 32. Rxf5 Ree8 33. Rcc5 Ne7
34. Rfe5 Kf6 35. Nd2 Kf7 36. Ne4 Kf8 1-0

[Event "Bad Woerishofen op"]
[Site "?"]
[Date "2000.??.??"]
[Round "4"]
[White "Hausner, Alfreda"]
[Black "Schampel, Arno"]
[Result "1-0"]
[WhiteElo "1670"]
[BlackElo "1807"]
[Annotator "ChessOrg"]
[PlyCount "69"]
[EventDate "2000.??.??"]
[Source "ChessBase"]
[SourceDate "1998.04.29"]

1. d4 g6 2. Nf3 Bg7 3. c3 Nf6 4. Bf4 d6 5. h3 O-O 6. e3 Nbd7 7. Be2 b6 8. Nbd2
Bb7 9. O-O c5 10. Rc1 Rc8 11. Qa4 Rc7 12. Ba6 Qc8 13. Bxb7 Qxb7 14. Qb3 Rfc8
15. Qd1 Nh5 16. Bh2 e5 17. dxe5 Nxe5 18. Nxe5 dxe5 19. Nc4 Rd7 20. Qc2 Rcd8 21.
Rfd1 Rd5 22. e4 Rxd1+ 23. Rxd1 Rxd1+ 24. Qxd1 Qxe4 25. Ne3 Bh6 26. Ng4 Bf4 27.
Bxf4 Qxf4 28. b3 Kg7 29. c4 Qd4 30. Qe2 f6 31. Kh2 Nf4 32. Qf3 Qd7 33. g3 Nh5
34. Kg2 Kf7 35. Nxe5+ 1-0

[Event "Bad Woerishofen op"]
[Site "?"]
[Date "2000.??.??"]
[Round "6"]
[White "Hausner, Alfreda"]
[Black "Thielemann, Joachim"]
[Result "0-1"]
[WhiteElo "1670"]
[BlackElo "1905"]
[Annotator "ChessOrg"]
[PlyCount "120"]
[EventDate "2000.??.??"]
[Source "ChessBase"]
[SourceDate "1998.04.29"]

1. d4 Nf6 2. Nf3 d5 3. e3 g6 4. Nbd2 Bg7 5. Bd3 Nbd7 6. c3 O-O 7. O-O c5 8. Bc2
Qc7 9. h3 Re8 10. e4 dxe4 11. Nxe4 cxd4 12. Nxd4 Nxe4 13. Bxe4 Nf6 14. Qf3 Nxe4
15. Qxe4 Bd7 16. Bg5 e5 17. Nb3 h6 18. Be3 Bc6 19. Qg4 Kh7 20. f3 b6 21. Rad1
Rad8 22. Qg3 Bd5 23. Qf2 Rd7 24. Qc2 Red8 25. Rd2 Qc6 26. Rdf2 Bc4 27. Re1 Bd3
28. Qc1 f5 29. f4 Qc7 30. fxe5 Bxe5 31. Bf4 Be4 32. Bxe5 Qxe5 33. Nd4 Qd5 34.
a3 Re8 35. Qd2 Rde7 36. Ref1 Qe5 37. Qf4 Qxf4 38. Rxf4 Bd3 39. R1f2 Re1+ 40.
Kh2 Rb1 41. Rd2 Re3 42. Rf3 Rxf3 43. Nxf3 Be4 44. Nd4 Kg7 45. Rf2 Kf6 46. Kg3
g5 47. Nf3 Rh1 48. Rd2 f4+ 49. Kf2 Bxf3 50. Kxf3 h5 51. Rd6+ Ke5 52. Rd4 Rf1+
53. Ke2 Rb1 54. Rd2 g4 55. hxg4 hxg4 56. Kf2 g3+ 57. Ke2 Ke4 58. Rd4+ Kf5 59.
Rd2 Kg4 60. Rd7 Rxb2+ 0-1

[Event "Bad Woerishofen op"]
[Site "?"]
[Date "2000.??.??"]
[Round "7"]
[White "Hausner, Alfreda"]
[Black "von Hoesslin, Holger"]
[Result "0-1"]
[WhiteElo "1670"]
[BlackElo "1800"]
[Annotator "ChessOrg"]
[PlyCount "78"]
[EventDate "2000.??.??"]
[Source "ChessBase"]
[SourceDate "1998.04.29"]

1. d4 Nf6 2. Nf3 g6 3. Nbd2 Bg7 4. e4 d6 5. c3 b6 6. Be2 Bb7 7. Qc2 Nbd7 8. O-O
O-O 9. Ne1 c5 10. dxc5 bxc5 11. b3 Qc7 12. Bb2 Ne5 13. f3 Rfd8 14. c4 Nc6 15.
Qd3 Nxe4 16. Bxg7 Nxd2 17. Qxd2 Kxg7 18. Qe3 Kg8 19. Nc2 e6 20. Rad1 Qe7 21.
Rd2 d5 22. cxd5 exd5 23. Bb5 d4 24. Qe1 Qg5 25. Qd1 f5 26. Rff2 Ne7 27. Ne1 Nd5
28. Qc1 Ne3 29. Nd3 Rac8 30. Nb2 h5 31. Qe1 h4 32. h3 Rc7 33. Nc4 Re7 34. Qb1
Nxc4 35. Bxc4+ Kf8 36. Qd1 Re3 37. Qc2 Rxf3 38. Rxf3 Bxf3 39. Rf2 Bd5 0-1

[Event "Bad Woerishofen op"]
[Site "Bad Woerishofen"]
[Date "2000.??.??"]
[Round "9"]
[White "Hausner, Alfreda"]
[Black "Michalowski, Richard"]
[Result "1/2-1/2"]
[WhiteElo "1670"]
[BlackElo "1591"]
[Annotator "ChessOrg"]
[PlyCount "24"]
[EventDate "1998.03.05"]
[Source "ChessBase"]
[SourceDate "1998.04.29"]

1. d4 Nf6 2. Nf3 e6 3. e3 b6 4. g3 Bb7 5. Bg2 Be7 6. O-O O-O 7. Nbd2 d5 8. b3
Nbd7 9. Bb2 c5 10. Re1 Qc7 11. c4 Rfe8 12. Rc1 Rad8 1/2-1/2